00928nam a2200181Ia 450000500170000000800410001702000180005805000230007610000250009924500670012426000280019130000160021933700100023533800140024550001230025950502700038265000940065220231102151425.0121028s9999 xx 000 0 und d a968-18-4913-2 aQA76.9 D3 H38 200010aHAWRYSZKIEWYCZ I. T. aAnálisis y diseño de base de datosc/ I. t. Hawryszkiewycz aMexico b: Limusac2000 a671 paginas atexto asin medio aVersión en español de obra en inglés: Database analysis and design Incluye índices Bibliografía: p. 651-661 a1. Introducción 2. Modelo relacional 3. Dependencias y formas normales 4. Diseño relacional 5. Aspectos de los diseños sintáctico y semántico en el análisis de datos 6. Modelado semántico I: entidades y relaciones 7. Modelado semántico II: subconjun aAdministración de bases de datos \ 2. Diseño de bases de datos \ 3. Bases de datosÌ